Η μικρασιατική κοινότητα της Χίου και οι απόγονοι της : πτυχιακή εργασία

Αποθηκεύτηκε σε:
Λεπτομέρειες βιβλιογραφικής εγγραφής
Κύριος συγγραφέας: Ρικανιάδη, Άννα
Συγγραφή απο Οργανισμό/Αρχή: Πανεπιστήμιο Αιγαίου. Σχολή Κοινωνικών Επιστημών. Τμήμα Κοινωνικής Ανθρωπολογίας και Ιστορίας
Άλλοι συγγραφείς: Χρυσανθοπούλου, Βασιλική (Εισηγητής διατριβής)
Μορφή: Thesis Βιβλίο
Γλώσσα:Greek
Δημοσίευση: Μυτιλήνη : Πανεπιστήμιο Αιγαίου, Τμήμα Κοινωνικής Ανθρωπολογίας, 2000
Θέματα:
Διαθέσιμο Online:http://hdl.handle.net/11610/7638
Ετικέτες: Προσθήκη ετικέτας
Δεν υπάρχουν, Καταχωρήστε ετικέτα πρώτοι!

MARC

LEADER 00000cam a2200000 i 4500
001 1/12487
008 000928s2000 gre d
035 |l 10064228 
040 |a GR-MY-UA  |b gre  |e aacr 
041 0 |a gre 
082 0 |a 938.976 
100 1 |a Ρικανιάδη, Άννα. 
245 1 2 |a Η μικρασιατική κοινότητα της Χίου και οι απόγονοι της :  |b πτυχιακή εργασία /  |c Άννα Ρικανιάδη ; επιβλέπουσα καθηγήτρια Βασ. Χρυσανθοπούλου 
260 |a Μυτιλήνη :   |b Πανεπιστήμιο Αιγαίου, Τμήμα Κοινωνικής Ανθρωπολογίας,   |c 2000 
300 |a 87 σ.;  |b φωτ.;  |c 30 εκ. 
502 |a Πτυχιακή εργασία – Πανεπιστήμιο Αιγαίου, Λέσβος, 2000. 
504 |a Περιέχει βιβλιογραφία 
650 0 0 |a Refugees  |z Greece  |z Chios (Municipality) 
650 0 0 |a Greco-Turkish War, 1921-1922  |x Refugees. 
650 0 |a Refugees  |z Greece  |z Chios (Municipality)  |x Social conditions. 
650 0 0 |a Population transfers  |x Greeks  |x History  |y 20th century. 
650 0 0 |a Dissertations, Academic  |z Greece. 
700 1 |a Χρυσανθοπούλου, Βασιλική.  |4 ths 
710 2 |a Πανεπιστήμιο Αιγαίου.   |b Σχολή Κοινωνικών Επιστημών.   |b Τμήμα Κοινωνικής Ανθρωπολογίας και Ιστορίας. 
852 |a INST  |b LESVOS  |c DIATR  |e 20000928  |h 1  |p 005100027424  |q 005100027424  |t DIE  |y 23 
852 |a INST  |b LESVOS  |c DIATR  |e 20000928  |h 2  |p 005100027423  |q 005100027423  |t DIE  |y 23 
856 |u http://hdl.handle.net/11610/7638 
901 |a BIBL1-2000-3 
909 |a Λ  |b 081077 
909 |a Λ  |b 081078 
924 |a ΡΙΚΑΝΙΑΔΗ  |b ΑΝΝΑ  |y ΛΕΣΒΟΣ  |z 2000-09 
970 |a ΚΑΜΑΤΣΟΥ  |b ΔΕΣΠΟΙΝΑ  |z 2000/09/28